| Tag |
First Indicator |
Second Indicator |
Subfields |
| LEADER |
00000cgm a2200000Ii 4500 |
| 001 |
in00004764621 |
| 006 |
m o c |
| 007 |
vz czazzu |
| 007 |
cr cna|||ana|| |
| 008 |
150930s1995 xxu127 e o vleng d |
| 005 |
20240111162609.5 |
| 035 |
|
|
|a (OCoLC)ocn922580383
|
| 040 |
|
|
|a MOSMP
|b eng
|e rda
|e pn
|c MOSMP
|d OCLCF
|d MOSMP
|d NJR
|d OCLCQ
|d WAU
|d CDS
|d OCLCQ
|d OCL
|d OCLCA
|d OCLCO
|d OCLCL
|
| 019 |
|
|
|a 1126673975
|
| 035 |
|
|
|a (OCoLC)922580383
|z (OCoLC)1126673975
|
| 046 |
|
|
|k 1995
|2 edtf
|
| 050 |
|
4 |
|a PN1997
|
| 049 |
|
|
|a TXAM
|
| 130 |
0 |
|
|a Seven (Motion picture : 1995)
|
| 245 |
1 |
0 |
|a Se7en /
|c New Line Cinema presents ; an Arnold Kopelson production ; a film by David Fincher ; produced by Arnold Kopelson, Phyllis Carlyle ; directed by David Fincher ; written by Andrew Kevin Walker.
|
| 246 |
3 |
|
|a Seven
|
| 246 |
3 |
|
|a 7
|
| 264 |
|
1 |
|a [United States] :
|b New Line Cinema,
|c [1995]
|
| 300 |
|
|
|a 1 online resource (1 video file (127 min.))
|b sound, color.
|
| 336 |
|
|
|a two-dimensional moving image
|b tdi
|2 rdacontent
|
| 337 |
|
|
|a computer
|b c
|2 rdamedia
|
| 338 |
|
|
|a online resource
|b cr
|2 rdacarrier
|
| 340 |
|
|
|g polychrome
|2 rdacc
|
| 340 |
|
|
|g color
|
| 380 |
|
|
|a Motion pictures
|2 lcgft
|
| 511 |
1 |
|
|a Brad Pitt, Morgan Freeman, Kevin Spacey, Gwyneth Paltrow, Richard Roundtree, John C. McGinley.
|
| 508 |
|
|
|a Director of photography, Darius Khondji ; edited by Richard Francis-Bruce ; music by Howard Shore.
|
| 500 |
|
|
|a Originally released as a motion picture in 1995.
|
| 500 |
|
|
|a Widescreen.
|
| 521 |
8 |
|
|a Rated R; for grisly afterviews of horrific and bizarre killings and for strong language.
|
| 520 |
|
|
|a A psychological thriller about two detectives on the trail of a serial killer who chooses his victims according to the seven deadly sins.
|
| 588 |
|
|
|a Description based on videodisc version record; title from title screen (viewed January 9, 2020)
|
| 650 |
|
0 |
|a Serial murders
|v Drama.
|
| 650 |
|
0 |
|a Deadly sins
|v Drama.
|
| 650 |
|
7 |
|a Deadly sins.
|2 fast
|0 (OCoLC)fst00888432
|
| 650 |
|
7 |
|a Serial murders.
|2 fast
|0 (OCoLC)fst01113115
|
| 655 |
|
7 |
|a Internet videos.
|2 fast
|0 (OCoLC)fst01750214
|
| 655 |
|
7 |
|a Detective and mystery films.
|2 fast
|0 (OCoLC)fst01710476
|
| 655 |
|
7 |
|a Drama.
|2 fast
|0 (OCoLC)fst01423879
|
| 655 |
|
7 |
|a Feature films.
|2 fast
|0 (OCoLC)fst01710384
|
| 655 |
|
7 |
|a Fiction films.
|2 fast
|0 (OCoLC)fst01710264
|
| 655 |
|
7 |
|a Internet videos.
|2 lcgft
|
| 655 |
|
7 |
|a Detective and mystery films.
|2 lcgft
|
| 655 |
|
7 |
|a Fiction films.
|2 lcgft
|
| 655 |
|
7 |
|a Feature films.
|2 lcgft
|
| 655 |
|
7 |
|a Vidéos sur Internet.
|2 rvmgf
|
| 655 |
|
7 |
|a Films de détective.
|2 rvmgf
|
| 655 |
|
7 |
|a Films de fiction.
|2 rvmgf
|
| 700 |
1 |
|
|a Fincher, David.
|e film director.
|
| 700 |
1 |
|
|a Walker, Andrew Kevin.
|e screenwriter.
|
| 700 |
1 |
|
|a Kopelson, Arnold.
|e film producer.
|
| 700 |
1 |
|
|a Carlyle, Phyllis.
|e film producer.
|
| 700 |
1 |
|
|a Pitt, Brad,
|d 1963-
|e actor.
|
| 700 |
1 |
|
|a Freeman, Morgan.
|e actor.
|
| 700 |
1 |
|
|a Paltrow, Gwyneth,
|d 1972-
|e actor.
|
| 700 |
1 |
|
|a Shore, Howard,
|e composer (expression)
|
| 710 |
2 |
|
|a New Line Cinema Corporation,
|e production company.
|e publisher.
|
| 856 |
4 |
0 |
|u http://proxy.library.tamu.edu/login?url=https://digitalcampus.swankmp.net/tamu324081/play/F3837E76D2894C48
|z Connect to this streaming video (Swank Digital Campus)
|t 0
|
| 955 |
|
|
|a Swank streaming video subscription 12/21/2023 - 12/31/2024
|
| 994 |
|
|
|a 92
|b TXA
|
| 999 |
f |
f |
|s 27a6462a-df68-4534-8126-873f736e03a5
|i e6256e1b-5e77-4d39-bb82-e1751d5ccfaf
|t 0
|
| 952 |
f |
f |
|a Texas A&M University
|b College Station
|c Electronic Resources
|d Available Online
|t 0
|e PN1997
|h Library of Congress classification
|
| 998 |
f |
f |
|a PN1997
|t 0
|l Available Online
|